Responses for Show #1385 - Friday, September 14, 1990

Game entered from audiorecording. Missing prizes.

Contestants

[<< previous game]

Mike Reynolds, a child abuse investigator from San Diego, California

Rob Schweitzer, a banker originally from Piedmont, California

Kyle Freeman, a teacher and proofreader from San Francisco, California (whose 2-day cash winnings total $16,601)

[next game >>]

Jeopardy! Round responses

EUROPE
MUSIC
GAMES
7-LETTER WORDS
PEOPLE
PENCILS
    $100 2
Bucharest

Rob
    $100 1
an overture

Mike
    $100 25
Atlantic City

Kyle
    $100 17
average

Kyle
    $100 7
Micky Dolenz

Kyle
    $100 14
yellow

Kyle
    $200 3
Yugoslavia

Rob
    $200 8
Peter and the Wolf

Kyle
    $200 26
cut them

Rob
    $200 18
poverty

Kyle
    $200 10
(Kyle: Who is [*], that great singer of the national anthem.)
[Laughter]
(Alex: No editorializing, please.)

Roseanne Barr

Kyle
    $200 21
Thoreau

Mike
    $300 4
Sweden

Mike
    $300 9
(Rob: What is alto?)

mezzo-(soprano)

RobMike
    $300 28
Pictionary

Mike
    $300 19
(Kyle: Calypso. What is Calypso?)
(Mike: What is a mermaid?)
...
(Alex: [*] Lee.)

Lorelai

KyleMike
Triple Stumper
    $300 11
Charles Schulz

Rob
    $300 22
number 2

Mike
    $400 5
iron ore

Triple Stumper
    $400 12
fingers

Rob
    $600 29
Scruples

Mike
    $400 20
(Kyle: What is August?)

(1 of) October (or January)

KyleMike
    $400 15
Gene Roddenberry

Rob
    $400 23
graphite

Mike
    $500 6
a (Belgian) franc

Mike
    $500 13
James Galway

Mike
    $500 30
Ghost

Kyle
    $500 27
(Alex: Not fast enough, Mike, I'm sorry.)

epsilon & upsilon

Triple Stumper
    $500 16
Dawn Steel

Rob
    $500 24
six

Rob

Scores at the first commercial break (after clue 15):

Kyle Rob Mike
$600 $1,100 $1,700

Scores at the end of the Jeopardy! Round:

Kyle Rob Mike
$800 $2,300 $3,600

Double Jeopardy! Round responses

GENESIS
THE CIVIL WAR
MAGAZINES
ARTISTS
ANIMALS
AUTHORS' RESTING PLACES
    $200 1
(Kyle: Well, I'll assume GENESIS is the book of the Bible and not the rock group...)
(Alex: Yes, good assumption.)

Noah's Ark

Mike
    $200 6
Gettysburg

Rob
    $200 12
(Rob: What is Redbook?)
(Kyle: What's Reader's Digest?)

Family Circle

KyleRob
Triple Stumper
    $200 11
Peter Paul Rubens

Rob
    $200 21
Arlington National

Kyle
    $400 2
Sodom

Kyle
    $400 7
readmission to the Union

Mike
    $400 13
National Geographic World

Triple Stumper
    $400 16
Rome

Rob
    $400 22
the Kremlin Wall

Rob
    $600 3
a camel

Kyle
    $600 8
the Fugitive Slave Laws

Kyle
    $600 14
der Stern

Kyle
    $600 17
Remington

Kyle
    $600 23
Pearl Buck

Mike
    $800 4
Rachel

Kyle
    $800 9
(Kyle: Who is Matthew Harrison Brady?)
(Alex: Yes.)
[Kyle's response was changed to incorrect when the Daily Double was found.]
(Alex: [To Kyle] If you give me too much information and part of it is incorrect, we have to rule against you; you added a middle name to [*]. His initial is "B", not Harrison; Matthew Harrison Brady, I believe, was a character in Inherit the Wind.)

Mathew Brady

Kyle
Triple Stumper
    $800 15
Spin

Triple Stumper
    $800 18
New Mexico

Kyle
    $2,700 24
(Alex: Mike?)
(Mike: Who is... Jack London?)

John Steinbeck

Mike
    $2,600 5
Joseph

Kyle
    $1000 10
(Mike: Who is Clara Barton?)

Dorothea Dix

Mike
Triple Stumper
    $1000 20
(Rob: What is Illinois?)

Wisconsin

RobMike
    $1000 19
Earthly Delights

Rob
    $1000 25
[The end-of-round signal sounds.]

Sleepy Hollow

Rob

Scores at the end of the Double Jeopardy! Round:

Kyle Rob Mike
$7,000 $4,300 $2,100

[wagering suggestions for these scores]

Final Jeopardy! Round responses

U.S. PRESIDENTS
MikeWho was Harry Truman?
$2,000
RobWho was Lincoln?
$4,200
KyleWho was Harry S. Truman?
$1,601
Harry Truman

Final scores:

Kyle Rob Mike
$8,601 $100 $4,100
3-day champion: $25,202 3rd place 2nd place

Game dynamics:

Coryat scores:

Kyle Rob Mike
$5,400 $4,300 $4,600
17 R
(including 1 DD),
4 W
14 R,
3 W
15 R
(including 1 DD),
3 W
(including 1 DD)

Combined Coryat: $14,300

[game clues] [game scores] [suggest correction]

Game tape date: 1990-07-31
The J! Archive is created by fans, for fans. Scraping, republication, monetization, and malicious use prohibited; this site may use cookies and collect identifying information. See terms. The Jeopardy! game show and all elements thereof, including but not limited to copyright and trademark thereto, are the property of Jeopardy Productions, Inc. and are protected under law. This website is not affiliated with, sponsored by, or operated by Jeopardy Productions, Inc. Join the discussion at JBoard.tv.